| 000 | 00732nam a2200205 a 4500 | ||
|---|---|---|---|
| 008 | 120416s1980 ||||||||||||||||| || u | ||
| 020 | _a0486660214 | ||
| 050 | _aQC 176.8.E4 Har | ||
| 100 | _aHarrison, Walter Ashley | ||
| 245 | 1 | 0 | _aElectronic structure and the properties of solids: the physics of the chemical bond |
| 260 |
_aNew York _bDover _c1980 |
||
| 300 | _axx, 586p. : ill. | ||
| 350 | _a0.00 | ||
| 650 | _aCHEMICAL BONDS | ||
| 650 | 0 | _aSOLID STATE CHEMISTRY | |
| 650 | _aELECTRONIC STRUCTURE | ||
| 650 | 0 | _aPHYSICS | |
| 650 | 0 | _aSOLID STATE PHYSICS | |
| 995 |
_D0.00 _FCBU-MAIN LIBRARY (Kitwe) _H1 _I15.95 _M1 _UAVAILABLE _ZMain Library Open Access Collection |
||
| 999 |
_c41552 _d41552 |
||